| 000 | 00327nam a2200109Ia 4500 | ||
|---|---|---|---|
| 008 | 220214s9999 xx 000 0 und d | ||
| 100 | _aNicole MR | ||
| 245 | 0 | _aMycelial mass and laccase activity on the roots of Hevea infected by Rigidoporus lignosus | |
| 260 |
_bPhysiologie Vegetable _c1982 |
||
| 300 | _a465-475 | ||
| 942 | _cRE | ||
| 999 |
_c45780 _d45780 |
||